| 000 | 00631cam a22001934a 4500 | ||
|---|---|---|---|
| 005 | 20250605164346.0 | ||
| 008 | 250528s ||||||||||||||||||||||||d | ||
| 035 | _a23870 | ||
| 040 |
_aGR-AtMCL _bgre _dGR-AtMCL _eAACR2 |
||
| 245 | 1 | _aChild of Our Time / Growing Up with TV | |
| 260 | _c2007 | ||
| 300 | _a64 | ||
| 520 | _aGraditude and Parent of All Virtues, Recruiting Your 'Control' Group - Linchpin or Afterthought?, Myers and Media and Modern Times, Psychology in Romania. | ||
| 700 | 1 |
_aSutton Jon _99351 |
|
| 942 | _cCR | ||
| 710 | 2 |
_aThe British Psychological Society _99823 |
|
| 999 |
_c8789 _d8789 |
||